The secret supper / (Record no. 5624)
[ view plain ]
| 000 -LEADER | |
|---|---|
| fixed length control field | 01093nam a22002417a 4500 |
| 001 - CONTROL NUMBER | |
| control field | 5624 |
| 003 - CONTROL NUMBER IDENTIFIER | |
| control field | FISKH |
| 005 - DATE AND TIME OF LATEST TRANSACTION | |
| control field | 20250108084143.0 |
| 008 - FIXED-LENGTH DATA ELEMENTS--GENERAL INFORMATION | |
| fixed length control field | 250108b cb ||||| |||| 00| 0 eng d |
| 020 ## - INTERNATIONAL STANDARD BOOK NUMBER | |
| International Standard Book Number | 9781416543817 |
| 040 ## - CATALOGING SOURCE | |
| Original cataloging agency | FISKH |
| Language of cataloging | eng |
| Transcribing agency | FISKH |
| Modifying agency | FISKH |
| 050 ## - LIBRARY OF CONGRESS CALL NUMBER | |
| Classification number | PQ6719.I54 |
| 082 ## - DEWEY DECIMAL CLASSIFICATION NUMBER | |
| Classification number | 863.7 |
| 100 ## - MAIN ENTRY--PERSONAL NAME | |
| Personal name | Sierra,Javier |
| 245 ## - TITLE STATEMENT | |
| Title | The secret supper / |
| Statement of responsibility, etc. | by Javier Sierra |
| 260 ## - PUBLICATION, DISTRIBUTION, ETC. | |
| Place of publication, distribution, etc. | New York : |
| Name of publisher, distributor, etc. | Atria Books ; |
| Date of publication, distribution, etc. | 2004. |
| 300 ## - PHYSICAL DESCRIPTION | |
| Extent | 394 pages : |
| Other physical details | illustrations ; |
| Dimensions | 18 cm . |
| 520 ## - SUMMARY, ETC. | |
| Summary, etc. | In 1497 a Dominican inquisitor is sent to Milan to supervise the final phase of the painting of The Last Supper by Leonardo da Vinci. Never a conformist, da Vinci creates a masterpiece that raises questions that have yet to be answered. Unlike his contemporaries, he does not hold strictly to the religious doctrine of the scriptures, but adds touches advocated by a repressed heritical sect. Could da Vinci be a member of the secret society?<br/> |
| 650 ## - SUBJECT ADDED ENTRY--TOPICAL TERM | |
| Topical term or geographic name entry element | Leonardo da Vinci |
| Form subdivision | historical fiction |
| 700 ## - ADDED ENTRY--PERSONAL NAME | |
| Personal name | Manguel, Alberto |
| Relator term | translator |
| 942 ## - ADDED ENTRY ELEMENTS (KOHA) | |
| Source of classification or shelving scheme | Dewey Decimal Classification |
| Koha item type | Books |
| Suppress in OPAC | No |
| Withdrawn status | Lost status | Source of classification or shelving scheme | Damaged status | Not for loan | Collection | Home library | Current library | Shelving location | Date acquired | Total Checkouts | Full call number | Barcode | Date last seen | Price effective from | Koha item type |
|---|---|---|---|---|---|---|---|---|---|---|---|---|---|---|---|
| Dewey Decimal Classification | Fiction | Footprints International School Library Network Toul Kork Campus | Footprints International School Library Network Toul Kork Campus | TTP Secondary Fiction Bookshelves | 01/08/2025 | SIE 863.7 PQ6719.I54 | FISSE03161 | 01/08/2025 | 01/08/2025 | Books |
